000 00971nas a2200325 4500
001 BR2017001072
003 BR-BrBNA
005 20231205130914.0
007 ta
008 230509b bl.|||p| |||| 00| 00por d
040 _aBR-BrBNA
_bpor
_cBiblioteca Nacional de Agricultura
041 _a(Pt)
072 _aP33
100 1 _aCorrêa, R.S.
100 1 _aMadari, B.E.
100 1 _aCarvalho, G.D.
100 1 _aCosta, A.R. da
100 1 _aPereira,A.C. de C.
100 1 _aMedeiros, J.C.
245 1 _aFluxos de óxido nitroso e suas relações com atributos físicos e químicos do solo
650 _aANÁLISE DO SOLO
650 _aPROPRIEDADE FÍSICO-QUÍMICA
650 _aLAVOURA
650 _aPECUÁRIA
650 _aPASTAGEM
650 _aCERRADO
773 0 _tPesquisa Agropecuária Brasileira (Brazil)
_xISSN 0100-204X
_g(Sep 2016), v. 51(9) p. 1148-1155
_wBR2017001072
909 _a202311
_bLúcia
_c55
_dLúcia Elande
942 _2AGRIS
_n0
_cANA
999 _c251957
_d251957